| 000 | 00765nas a2200265 4500 | ||
|---|---|---|---|
| 001 | BR9103722 | ||
| 003 | BR-BrBNA | ||
| 005 | 20231205092129.0 | ||
| 007 | ta | ||
| 008 | 230509b bl.|||p| |||| 00| 00por d | ||
| 040 |
_aBR-BrBNA _bpor _cBiblioteca Nacional de Agricultura |
||
| 041 | _a(Pt) | ||
| 072 | _aL73 | ||
| 100 | 1 | _aOjeda, P.H. | |
| 245 | 1 | _aControle da coccidiose em frangos de corte: um programa de monitoracao | |
| 650 | _aFRANGO DE CORTE | ||
| 650 | _aDOENCA ANIMAL | ||
| 650 | _aCOCCIDIOSE | ||
| 650 | _aSULFA | ||
| 650 | _aDIAGNOSTICO | ||
| 650 | _aPROFILAXIA | ||
| 773 | 0 |
_tAvicultura Industrial (Brazil) _xISSN 0101-2258 _g(Nov 1985), v. 76(911) p. 14-20 _wBR9103722 |
|
| 909 |
_a202311 _bLúcia _c55 _dLúcia Elande |
||
| 942 |
_2AGRIS _n0 _cANA |
||
| 999 |
_c129557 _d129557 |
||